Länder am nächsten die auf dem Äquator liegen - Statistiken

Allgemein
  • Dieses Quiz wurde 172 mal gespielt
  • Das Durchschnittsergebnis liegt bei 6 aus 11
Antworten auf der Karte
Die Antworten werden auf der Karte rot bzw. grün angezeigt, abhängig davon wie oft sie richtig erraten wurden.
 
Antwortstatistiken
Antwort % Korrekt
Brasilien
87%
Demokratische Republik Kongo
66%
Ecuador
62%
Gabun
57%
Indonesien
57%
Kolumbien
56%
Kenia
55%
Republik Kongo
52%
São Tõme und Príncipe
50%
Somalia
49%
Uganda
46%
Keine übereinstimmenden Quizze gefunden
Verteilung der Resultate
Anzahl Personen mit jedem Resultat
Perzentil nach korrekt beantworteten Fragen
Ihre Resultats-Entwicklung
Sie haben dieses Quiz noch nicht gespielt